[Event "New Zealand Championship 2023"]
[Site "Wellington"]
[Date "2023.01.06"]
[Round "5.11"]
[White "Liu, William Rui"]
[Black "Steadman, Michael V R"]
[Result "0-1"]
[WhiteElo "1908"]
[BlackElo "2306"]

1. e4 {[%clk 01:30:57] [%emt 00:00:02]} 1... g6 {[%clk 01:30:46] [%emt
00:00:14]} 2. d4 {[%clk 01:31:12] [%emt 00:00:16]} 2... Bg7 {[%clk 01:31:09]
[%emt 00:00:07]} 3. Nc3 {[%clk 01:31:17] [%emt 00:00:25]} 3... d6 {[%clk
01:31:25] [%emt 00:00:14]} 4. Be3 {[%clk 01:31:12] [%emt 00:00:35]} 4... Nd7
{[%clk 01:30:51] [%emt 00:01:04]} 5. Qd2 {[%clk 01:30:07] [%emt 00:01:35]} 5...
a6 {[%clk 01:31:01] [%emt 00:00:20]} 6. O-O-O {[%clk 01:29:01] [%emt 00:01:37]}
6... b5 {[%clk 01:31:04] [%emt 00:00:26]} 7. f3 {[%clk 01:28:21] [%emt
00:01:09]} 7... Bb7 {[%clk 01:30:44] [%emt 00:00:50]} 8. g4 {[%clk 01:26:16]
[%emt 00:02:36]} 8... h5 {[%clk 01:29:01] [%emt 00:02:12]} 9. g5 {[%clk
01:18:52] [%emt 00:07:54]} 9... e6 {[%clk 01:28:41] [%emt 00:00:50]} 10. Bg2
{[%clk 01:17:37] [%emt 00:01:45]} 10... Ne7 {[%clk 01:27:54] [%emt 00:01:17]}
11. Nge2 {[%clk 01:14:49] [%emt 00:03:19]} 11... Nb6 {[%clk 01:25:40] [%emt
00:02:44]} 12. b3 {[%clk 01:13:55] [%emt 00:01:24]} 12... b4 {[%clk 01:24:45]
[%emt 00:01:24]} 13. Nb1 {[%clk 01:13:44] [%emt 00:00:41]} 13... a5 {[%clk
01:25:10] [%emt 00:00:06]} 14. f4 {[%clk 01:07:24] [%emt 00:06:51]} 14... d5
{[%clk 01:21:45] [%emt 00:03:54]} 15. Qd3 {[%clk 00:55:02] [%emt 00:12:52]}
15... dxe4 {[%clk 01:18:56] [%emt 00:03:20]} 16. Bxe4 {[%clk 00:54:58] [%emt
00:00:33]} 16... Bxe4 {[%clk 01:19:19] [%emt 00:00:07]} 17. Qxe4 {[%clk
00:55:21] [%emt 00:00:07]} 17... Nbd5 {[%clk 01:19:25] [%emt 00:00:24]} 18. Nd2
{[%clk 00:49:08] [%emt 00:06:42]} 18... Nxe3 {[%clk 01:09:07] [%emt 00:10:50]}
19. Qxe3 {[%clk 00:49:09] [%emt 00:00:28]} 19... Nf5 {[%clk 01:07:07] [%emt
00:02:30]} 20. Qe4 {[%clk 00:41:00] [%emt 00:08:39]} 20... O-O {[%clk 01:01:34]
[%emt 00:06:03]} 21. Nf3 {[%clk 00:38:08] [%emt 00:03:22]} 21... a4 {[%clk
01:01:00] [%emt 00:01:04]} 22. Ng3 {[%clk 00:29:33] [%emt 00:09:04]} 22... axb3
{[%clk 01:00:26] [%emt 00:01:05]} 23. axb3 {[%clk 00:29:56] [%emt 00:00:07]}
23... c5 {[%clk 00:52:50] [%emt 00:08:05]} 24. Nxf5 {[%clk 00:26:16] [%emt
00:04:08]} 24... exf5 {[%clk 00:52:46] [%emt 00:00:35]} 25. Qd3 {[%clk
00:22:36] [%emt 00:04:10]} 25... cxd4 {[%clk 00:49:42] [%emt 00:03:35]} 26. Kb2
{[%clk 00:20:24] [%emt 00:02:41]} 26... Qc7 {[%clk 00:47:45] [%emt 00:02:27]}
27. Ra1 {[%clk 00:11:32] [%emt 00:09:22]} 27... Qxf4 {[%clk 00:46:22] [%emt
00:01:53]} 28. Rxa8 {[%clk 00:10:06] [%emt 00:01:56]} 28... Rxa8 {[%clk
00:46:51] [%emt 00:00:02]} 29. Re1 {[%clk 00:10:10] [%emt 00:00:25]} 29... Rc8
{[%clk 00:44:57] [%emt 00:02:24]} 30. Nd2 {[%clk 00:07:54] [%emt 00:02:46]}
30... Rc3 {[%clk 00:43:15] [%emt 00:02:12]} 31. Qe2 {[%clk 00:06:19] [%emt
00:02:05]} 31... Re3 {[%clk 00:43:11] [%emt 00:00:35]} 32. Qd1 {[%clk 00:05:59]
[%emt 00:00:50]} 32... d3+ {[%clk 00:43:08] [%emt 00:00:34]} 33. Kb1 {[%clk
00:05:49] [%emt 00:00:38]} 33... Qe5 {[%clk 00:43:25] [%emt 00:00:22]} 0-1

[Event "New Zealand Championship 2023"]
[Site "Wellington"]
[Date "2023.01.06"]
[Round "5.12"]
[White "Cummings, Nick"]
[Black "Park-Tamati, Philli"]
[Result "0-1"]
[WhiteElo "2153"]
[BlackElo "2065"]

1. Nf3 {[%clk 01:30:58] [%emt 00:00:02]} 1... Nf6 {[%clk 01:29:37] [%emt
00:01:23]} 2. c4 {[%clk 01:31:22] [%emt 00:00:07]} 2... e6 {[%clk 01:29:52]
[%emt 00:00:16]} 3. g3 {[%clk 01:31:42] [%emt 00:00:09]} 3... b6 {[%clk
01:26:42] [%emt 00:03:41]} 4. Bg2 {[%clk 01:31:11] [%emt 00:01:00]} 4... Bb7
{[%clk 01:26:16] [%emt 00:00:56]} 5. O-O {[%clk 01:31:24] [%emt 00:00:17]} 5...
c5 {[%clk 01:26:16] [%emt 00:00:31]} 6. b3 {[%clk 01:26:23] [%emt 00:05:30]}
6... Be7 {[%clk 01:26:01] [%emt 00:00:45]} 7. Bb2 {[%clk 01:24:48] [%emt
00:02:04]} 7... O-O {[%clk 01:26:14] [%emt 00:00:18]} 8. Nc3 {[%clk 01:19:26]
[%emt 00:05:52]} 8... d6 {[%clk 01:25:50] [%emt 00:00:54]} 9. d4 {[%clk
01:14:05] [%emt 00:05:50]} 9... cxd4 {[%clk 01:25:02] [%emt 00:01:18]} 10. Qxd4
{[%emt 00:08:30]} 10... Nbd7 {[%clk 01:17:24] [%emt 00:02:35]} 11. Rfd1 {[%clk
01:06:02] [%emt 00:05:53]} 11... a6 {[%clk 01:16:55] [%emt 00:01:13]} 12. Rac1
{[%clk 01:03:37] [%emt 00:02:54]} 12... b5 {[%clk 01:03:59] [%emt 00:13:26]}
13. cxb5 {[%clk 00:55:57] [%emt 00:08:11]} 13... axb5 {[%clk 01:03:39] [%emt
00:00:50]} 14. Ra1 {[%clk 00:50:20] [%emt 00:06:06]} 14... Qa5 {[%clk 01:00:01]
[%emt 00:04:04]} 15. b4 {[%clk 00:48:07] [%emt 00:02:48]} 15... Qa6 {[%clk
00:58:27] [%emt 00:02:05]} 16. Qd3 {[%clk 00:30:41] [%emt 00:17:53]} 16... Rab8
{[%clk 00:43:49] [%emt 00:15:09]} 17. a3 {[%clk 00:25:30] [%emt 00:05:41]}
17... Rfc8 {[%clk 00:30:07] [%emt 00:14:13]} 18. Rdc1 {[%clk 00:19:47] [%emt
00:06:13]} 18... Nb6 {[%clk 00:26:13] [%emt 00:04:24]} 19. Nxb5 {[%clk
00:12:15] [%emt 00:08:02]} 19... Be4 {[%clk 00:23:22] [%emt 00:03:21]} 20. Nc7
{[%clk 00:07:31] [%emt 00:05:14]} 20... Bxd3 {[%clk 00:23:03] [%emt 00:00:49]}
21. Nxa6 {[%clk 00:07:58] [%emt 00:00:03]} 21... Bxa6 {[%clk 00:23:24] [%emt
00:00:10]} 22. Nd4 {[%clk 00:07:03] [%emt 00:01:25]} 22... Rxc1+ {[%clk
00:16:19] [%emt 00:07:35]} 23. Rxc1 {[%clk 00:07:23] [%emt 00:00:11]} 23... Rc8
{[%clk 00:16:12] [%emt 00:00:36]} 24. b5 {[%clk 00:05:23] [%emt 00:02:30]}
24... Rxc1+ {[%clk 00:16:05] [%emt 00:00:37]} 25. Bxc1 {[%clk 00:05:52]} 25...
Bc8 {[%clk 00:16:13] [%emt 00:00:22]} 26. e3 {[%clk 00:03:34] [%emt 00:02:47]}
26... d5 {[%clk 00:13:03] [%emt 00:03:40]} 27. Bf3 {[%clk 00:03:50] [%emt
00:00:14]} 27... Nfd7 {[%clk 00:13:18] [%emt 00:00:15]} 28. Bd1 {[%clk
00:03:58] [%emt 00:00:22]} 28... Nc5 {[%clk 00:13:39] [%emt 00:00:10]} 29. Nc6
{[%clk 00:02:42] [%emt 00:01:46]} 29... Bd6 {[%clk 00:13:41] [%emt 00:00:28]}
30. Bc2 {[%clk 00:02:42] [%emt 00:00:30]} 30... Bd7 {[%clk 00:12:06] [%emt
00:02:06]} 31. Nd4 {[%clk 00:00:40] [%emt 00:02:32]} 31... g6 {[%clk 00:11:44]
[%emt 00:00:51]} 32. Bd2 {[%clk 00:00:41] [%emt 00:00:30]} 32... e5 {[%clk
00:11:32] [%emt 00:00:42]} 33. Nc6 {[%clk 00:00:59] [%emt 00:00:12]} 33... Kf8
{[%clk 00:08:30] [%emt 00:03:31]} 34. Bb4 {[%clk 00:00:56] [%emt 00:00:33]}
34... Bxc6 {[%clk 00:08:39] [%emt 00:00:21]} 35. bxc6 {[%clk 00:01:14] [%emt
00:00:13]} 35... Ke7 {[%clk 00:08:46] [%emt 00:00:22]} 36. a4 {[%clk 00:00:52]
[%emt 00:00:53]} 36... Ncxa4 {[%clk 00:08:33] [%emt 00:00:43]} 37. c7 {[%clk
00:00:58] [%emt 00:00:23]} 37... Nc5 {[%clk 00:08:40] [%emt 00:00:25]} 0-1

[Event "New Zealand Championship 2023"]
[Site "Wellington"]
[Date "2023.01.06"]
[Round "5.13"]
[White "Archer, Ollie"]
[Black "Vanheirzeele, Daniel"]
[Result "1/2-1/2"]
[WhiteElo "2151"]
[BlackElo "2056"]

1. d4 {[%clk 01:30:57] [%emt 00:00:02]} 1... Nf6 {[%clk 01:30:51] [%emt
00:00:11]} 2. Nf3 {[%clk 01:31:21] [%emt 00:00:05]} 2... e6 {[%clk 01:30:14]
[%emt 00:01:08]} 3. Bf4 {[%clk 01:31:03] [%emt 00:00:47]} 3... c5 {[%clk
01:27:41] [%emt 00:03:02]} 4. c3 {[%clk 01:31:17] [%emt 00:00:17]} 4... b6
{[%clk 01:18:48] [%emt 00:09:24]} 5. Nbd2 {[%clk 01:30:40] [%emt 00:01:06]}
5... Bb7 {[%clk 01:15:05] [%emt 00:04:13]} 6. e3 {[%clk 01:30:43] [%emt
00:00:27]} 6... Be7 {[%clk 01:14:19] [%emt 00:01:15]} 7. Bd3 {[%clk 01:30:23]
[%emt 00:00:50]} 7... Nh5 {[%clk 01:09:06] [%emt 00:05:43]} 8. Bg3 {[%clk
01:27:57] [%emt 00:02:57]} 8... g6 {[%clk 01:07:09] [%emt 00:02:27]} 9. Qe2
{[%clk 01:23:47] [%emt 00:04:39]} 9... d6 {[%clk 01:06:57] [%emt 00:00:42]} 10.
O-O {[%clk 01:21:47] [%emt 00:02:30]} 10... O-O {[%clk 00:57:38] [%emt
00:09:50]} 11. Rfd1 {[%clk 01:16:52] [%emt 00:05:25]} 11... Nxg3 {[%clk
00:50:44] [%emt 00:07:25]} 12. hxg3 {[%clk 01:17:14] [%emt 00:00:07]} 12... Nd7
{[%clk 00:51:03] [%emt 00:00:10]} 13. e4 {[%clk 01:13:59] [%emt 00:03:46]}
13... Qc7 {[%clk 00:45:36] [%emt 00:05:56]} 14. Rac1 {[%clk 01:12:31] [%emt
00:01:58]} 14... Bf6 {[%clk 00:43:26] [%emt 00:02:40]} 15. g4 {[%clk 01:06:37]
[%emt 00:06:23]} 15... Bg7 {[%clk 00:36:12] [%emt 00:07:44]} 16. g5 {[%clk
01:06:54] [%emt 00:00:14]} 16... Rae8 {[%clk 00:36:10] [%emt 00:00:31]} 17. Nf1
{[%clk 00:55:41] [%emt 00:11:43]} 17... f6 {[%clk 00:20:20] [%emt 00:16:20]}
18. Ng3 {[%clk 00:47:27] [%emt 00:08:45]} 18... f5 {[%clk 00:15:12] [%emt
00:05:37]} 19. Re1 {[%clk 00:37:34] [%emt 00:10:23]} 19... fxe4 {[%clk
00:09:29] [%emt 00:06:13]} 20. Bxe4 {[%clk 00:37:49] [%emt 00:00:15]} 20... d5
{[%clk 00:09:41] [%emt 00:00:18]} 21. Bd3 {[%clk 00:37:20] [%emt 00:00:59]}
21... e5 {[%clk 00:10:01] [%emt 00:00:11]} 22. Bb5 {[%clk 00:34:39] [%emt
00:03:11]} 22... e4 {[%clk 00:08:29] [%emt 00:02:02]} 1/2-1/2

[Event "New Zealand Championship 2023"]
[Site "Wellington"]
[Date "2023.01.06"]
[Round "5.14"]
[White "Braganza, Nadia"]
[Black "Thomas, Ben"]
[Result "1/2-1/2"]
[WhiteElo "1838"]
[BlackElo "2200"]

1. c4 {[%clk 01:30:55] [%emt 00:00:04]} 1... e5 {[%clk 01:30:52] [%emt
00:00:09]} 2. Nc3 {[%clk 01:31:15] [%emt 00:00:10]} 2... Nf6 {[%clk 01:31:12]
[%emt 00:00:09]} 3. g3 {[%clk 01:31:11] [%emt 00:00:35]} 3... Bb4 {[%clk
01:31:31] [%emt 00:00:09]} 4. Bg2 {[%clk 01:29:28] [%emt 00:02:14]} 4... O-O
{[%clk 01:31:51] [%emt 00:00:10]} 5. e3 {[%clk 01:26:33] [%emt 00:03:26]} 5...
c6 {[%clk 01:30:43] [%emt 00:01:38]} 6. Nge2 {[%clk 01:25:16] [%emt 00:01:47]}
6... d6 {[%clk 01:22:51] [%emt 00:08:22]} 7. O-O {[%clk 01:23:29] [%emt
00:02:17]} 7... Na6 {[%clk 01:21:56] [%emt 00:01:25]} 8. d4 {[%clk 01:15:24]
[%emt 00:08:35]} 8... Qe7 {[%clk 01:21:09] [%emt 00:01:17]} 9. a3 {[%clk
01:14:41] [%emt 00:01:14]} 9... Bxc3 {[%clk 01:20:45] [%emt 00:00:54]} 10. Nxc3
{[%clk 01:15:04] [%emt 00:00:06]} 10... Nc7 {[%emt 00:01:22]} 11. d5 {[%clk
01:14:25] [%emt 00:01:08]} 11... cxd5 {[%clk 01:19:32] [%emt 00:00:53]} 12.
cxd5 {[%clk 01:13:23] [%emt 00:01:32]} 12... e4 {[%clk 01:19:37] [%emt
00:00:25]} 13. Qd4 {[%clk 01:11:25] [%emt 00:02:29]} 13... Re8 {[%clk 01:18:22]
[%emt 00:01:44]} 14. b4 {[%clk 01:05:19] [%emt 00:06:36]} 14... Qe5 {[%clk
01:11:02] [%emt 00:07:50]} 15. Qxe5 {[%clk 01:01:41] [%emt 00:04:08]} 15...
Rxe5 {[%clk 01:11:24] [%emt 00:00:08]} 16. Bb2 {[%clk 01:01:45] [%emt
00:00:27]} 16... Bf5 {[%clk 01:06:52] [%emt 00:05:01]} 17. Ne2 {[%clk 00:49:24]
[%emt 00:12:52]} 17... Rxd5 {[%clk 01:06:33] [%emt 00:00:49]} 18. Bxf6 {[%clk
00:48:59] [%emt 00:00:54]} 18... gxf6 {[%clk 01:07:01] [%emt 00:00:02]} 19. Nd4
{[%clk 00:48:32] [%emt 00:00:58]} 19... Bg6 {[%clk 01:03:28] [%emt 00:04:03]}
20. Rfc1 {[%clk 00:39:28] [%emt 00:09:34]} 20... Nb5 {[%clk 01:01:56] [%emt
00:02:02]} 21. Nxb5 {[%clk 00:38:20] [%emt 00:01:38]} 21... Rxb5 {[%clk
01:02:24] [%emt 00:00:02]} 22. Rc7 {[%clk 00:37:52] [%emt 00:00:59]} 22... Rb6
{[%clk 00:50:14] [%emt 00:12:40]} 23. h4 {[%clk 00:29:04] [%emt 00:09:18]}
23... a5 {[%clk 00:49:47] [%emt 00:00:57]} 24. g4 {[%clk 00:22:19] [%emt
00:07:15]} 24... h5 {[%clk 00:48:31] [%emt 00:01:45]} 25. gxh5 {[%clk 00:21:30]
[%emt 00:01:19]} 25... Bxh5 {[%clk 00:45:06] [%emt 00:03:54]} 26. Bxe4 {[%clk
00:12:51] [%emt 00:09:09]} 26... axb4 {[%clk 00:45:25] [%emt 00:00:12]} 27. Rb1
{[%clk 00:13:07] [%emt 00:00:15]} 27... Rxa3 {[%clk 00:34:24] [%emt 00:11:33]}
28. Rxb7 {[%clk 00:10:12] [%emt 00:03:22]} 28... Rxb7 {[%clk 00:34:44] [%emt
00:00:10]} 29. Bxb7 {[%clk 00:10:38] [%emt 00:00:05]} 29... Ra4 {[%clk
00:34:58] [%emt 00:00:15]} 30. Bc6 {[%clk 00:09:30] [%emt 00:01:39]} 30... Ra6
{[%clk 00:35:16] [%emt 00:00:12]} 31. Bd5 {[%clk 00:08:14] [%emt 00:01:47]}
31... Rb6 {[%clk 00:35:31] [%emt 00:00:15]} 32. f3 {[%clk 00:03:35] [%emt
00:05:08]} 32... Kf8 {[%clk 00:26:53] [%emt 00:09:07]} 33. Kf2 {[%clk 00:03:52]
[%emt 00:00:13]} 33... Ke7 {[%clk 00:26:46] [%emt 00:00:37]} 34. Ke2 {[%clk
00:03:55] [%emt 00:00:27]} 34... f5 {[%clk 00:25:07] [%emt 00:02:10]} 35. Kd3
{[%clk 00:03:21] [%emt 00:01:05]} 35... f4 {[%clk 00:23:57] [%emt 00:01:39]}
36. exf4 {[%clk 00:03:11] [%emt 00:00:40]} 36... Bg6+ {[%clk 00:22:48] [%emt
00:01:39]} 37. Be4 {[%clk 00:03:37] [%emt 00:00:05]} 37... Ke6 {[%clk 00:21:40]
[%emt 00:01:38]} 38. Kd4 {[%clk 00:02:04] [%emt 00:02:03]} 38... Rb5 {[%clk
00:19:40] [%emt 00:02:29]} 39. Rb3 {[%clk 00:01:58] [%emt 00:00:36]} 39... d5
{[%clk 00:18:55] [%emt 00:01:15]} 40. Bd3 {[%clk 00:31:03] [%emt 00:01:25]}
40... Bxd3 {[%clk 00:49:17] [%emt 00:00:08]} 41. Kxd3 {[%clk 00:31:26] [%emt
00:00:08]} 41... Kf5 {[%clk 00:48:44] [%emt 00:01:02]} 42. h5 {[%clk 00:27:12]
[%emt 00:04:44]} 42... Kf6 {[%clk 00:47:51] [%emt 00:01:23]} 43. Kd4 {[%clk
00:26:41] [%emt 00:01:01]} 43... Kg7 {[%clk 00:48:16] [%emt 00:00:05]} 44. Ke5
{[%clk 00:26:33] [%emt 00:00:39]} 44... Kh6 {[%clk 00:48:20] [%emt 00:00:25]}
45. Kf6 {[%clk 00:25:38] [%emt 00:01:25]} 45... d4 {[%clk 00:48:06] [%emt
00:00:44]} 46. Kxf7 {[%clk 00:25:30] [%emt 00:00:37]} 46... Rb7+ {[%clk
00:48:18] [%emt 00:00:19]} 47. Ke6 {[%clk 00:25:48] [%emt 00:00:12]} 47... d3
{[%clk 00:48:34] [%emt 00:00:14]} 48. Rxd3 {[%clk 00:26:02] [%emt 00:00:17]}
48... b3 {[%clk 00:48:36] [%emt 00:00:27]} 49. Rd1 {[%clk 00:26:28] [%emt
00:00:03]} 49... b2 {[%clk 00:48:51] [%emt 00:00:15]} 50. Rb1 {[%clk 00:26:55]
[%emt 00:00:03]} 50... Kxh5 {[%clk 00:49:08] [%emt 00:00:12]} 51. f5 {[%clk
00:19:49] [%emt 00:07:38]} 51... Rb6+ {[%clk 00:49:22] [%emt 00:00:16]} 52. Ke7
{[%clk 00:19:56] [%emt 00:00:23]} 52... Rb7+ {[%clk 00:49:44] [%emt 00:00:08]}
53. Kd6 {[%clk 00:20:15] [%emt 00:00:10]} 53... Kg5 {[%clk 00:49:53] [%emt
00:00:22]} 54. Ke5 {[%clk 00:19:56] [%emt 00:00:49]} 54... Rb5+ {[%clk
00:50:16] [%emt 00:00:07]} 55. Ke4 {[%clk 00:20:06] [%emt 00:00:21]} 55... Rb4+
{[%clk 00:50:35] [%emt 00:00:14]} 56. Kd3 {[%clk 00:19:58] [%emt 00:00:34]}
56... Kxf5 {[%clk 00:50:58] [%emt 00:00:07]} 1/2-1/2

[Event "New Zealand Championship 2023"]
[Site "Wellington"]
[Date "2023.01.06"]
[Round "5.15"]
[White "Ning, Isabelle Yixuan"]
[Black "Yu, Zachary"]
[Result "1/2-1/2"]
[WhiteElo "2109"]
[BlackElo "1885"]

1. d4 {[%clk 01:30:55] [%emt 00:00:04]} 1... Nf6 {[%clk 01:30:55] [%emt
00:00:05]} 2. c4 {[%clk 01:31:21] [%emt 00:00:05]} 2... e6 {[%clk 01:31:22]
[%emt 00:00:02]} 3. Nc3 {[%clk 01:31:47] [%emt 00:00:04]} 3... Bb4 {[%clk
01:31:48] [%emt 00:00:04]} 4. Bd2 {[%clk 01:32:09] [%emt 00:00:07]} 4... c5
{[%clk 01:32:12] [%emt 00:00:06]} 5. e3 {[%clk 01:32:25] [%emt 00:00:14]} 5...
O-O {[%clk 01:29:51] [%emt 00:02:52]} 6. a3 {[%clk 01:31:29] [%emt 00:01:26]}
6... Bxc3 {[%clk 01:28:04] [%emt 00:02:17]} 7. Bxc3 {[%clk 01:31:50] [%emt
00:00:08]} 7... cxd4 {[%clk 01:22:19] [%emt 00:06:15]} 8. Bxd4 {[%clk 01:28:31]
[%emt 00:03:49]} 8... d5 {[%clk 01:14:03] [%emt 00:08:46]} 9. Nf3 {[%clk
01:23:27] [%emt 00:05:33]} 9... b6 {[%clk 01:11:44] [%emt 00:02:50]} 10. cxd5
{[%clk 01:17:24] [%emt 00:06:32]} 10... Nxd5 {[%clk 01:06:48] [%emt 00:05:26]}
11. Bd3 {[%clk 01:16:17] [%emt 00:01:37]} 11... Nc6 {[%clk 01:03:37] [%emt
00:03:41]} 12. O-O {[%clk 00:59:58] [%emt 00:16:49]} 12... Bb7 {[%clk 01:00:48]
[%emt 00:03:19]} 13. Rc1 {[%clk 00:51:55] [%emt 00:08:33]} 13... Qe7 {[%clk
00:46:25] [%emt 00:14:54]} 14. Bb1 {[%clk 00:47:26] [%emt 00:05:01]} 14... Rac8
{[%clk 00:41:56] [%emt 00:04:56]} 15. Qd3 {[%clk 00:45:15] [%emt 00:02:41]}
15... g6 {[%clk 00:41:15] [%emt 00:01:12]} 16. Ne5 {[%clk 00:37:55] [%emt
00:07:50]} 16... Rfd8 {[%clk 00:37:05] [%emt 00:04:40]} 17. Nxc6 {[%clk
00:32:58] [%emt 00:05:27]} 17... Bxc6 {[%clk 00:36:39] [%emt 00:00:55]} 18. f4
{[%clk 00:24:43] [%emt 00:08:45]} 18... Qb7 {[%clk 00:17:19] [%emt 00:19:50]}
19. Rfe1 {[%clk 00:20:30] [%emt 00:04:42]} 19... Nf6 {[%clk 00:15:11] [%emt
00:02:39]} 20. Qe2 {[%clk 00:20:14] [%emt 00:00:45]} 20... Ne4 {[%clk 00:14:50]
[%emt 00:00:52]} 21. Bxe4 {[%clk 00:18:55] [%emt 00:01:49]} 21... Bxe4 {[%clk
00:15:03] [%emt 00:00:17]} 22. Qf2 {[%clk 00:17:28] [%emt 00:01:55]} 22... Qe7
{[%clk 00:11:29] [%emt 00:04:05]} 23. Qg3 {[%clk 00:13:35] [%emt 00:04:22]}
23... h5 {[%clk 00:09:22] [%emt 00:02:39]} 24. Red1 {[%clk 00:10:55] [%emt
00:03:10]} 24... Bf5 {[%clk 00:07:18] [%emt 00:02:33]} 25. h3 {[%clk 00:10:08]
[%emt 00:01:18]} 25... Be4 {[%clk 00:06:37] [%emt 00:01:11]} 26. b4 {[%clk
00:10:02] [%emt 00:00:37]} 26... Rc7 {[%clk 00:06:37] [%emt 00:00:29]} 27. Rxc7
{[%clk 00:09:30] [%emt 00:01:06]} 27... Qxc7 {[%clk 00:07:02]} 28. Qg5 {[%clk
00:09:12] [%emt 00:00:53]} 28... Kh7 {[%clk 00:02:48] [%emt 00:04:39]} 29. Qf6
{[%clk 00:08:04] [%emt 00:01:37]} 29... Rg8 {[%clk 00:03:14] [%emt 00:00:04]}
30. Kh2 {[%clk 00:06:50] [%emt 00:01:44]} 30... Bxg2 {[%clk 00:03:10] [%emt
00:00:35]} 31. Rd2 {[%clk 00:05:38] [%emt 00:01:42]} 31... Be4 {[%clk 00:03:01]
[%emt 00:00:36]} 32. Bc3 {[%clk 00:03:07] [%emt 00:03:05]} 32... Bd5 {[%clk
00:03:24] [%emt 00:00:06]} 33. Re2 {[%clk 00:01:56] [%emt 00:01:41]} 33... Qb7
{[%clk 00:01:41] [%emt 00:02:14]} 34. Qe5 {[%clk 00:01:00] [%emt 00:01:25]}
34... Qa6 {[%clk 00:01:34] [%emt 00:00:36]} 35. Rf2 {[%clk 00:00:59] [%emt
00:00:31]} 35... Qd3 {[%clk 00:01:13] [%emt 00:00:51]} 36. Qf6 {[%clk 00:00:42]
[%emt 00:00:47]} 36... Qd1 {[%clk 00:01:13] [%emt 00:00:31]} 37. Qxf7+ {[%clk
00:00:37] [%emt 00:00:35]} 37... Kh6 {[%clk 00:01:37] [%emt 00:00:05]} 38. Rg2
{[%clk 00:00:41] [%emt 00:00:26]} 38... Bxg2 {[%clk 00:02:01] [%emt 00:00:06]}
39. Kxg2 {[%clk 00:01:03] [%emt 00:00:08]} 39... Qe2+ {[%clk 00:01:26] [%emt
00:01:05]} 40. Kh1 {[%clk 00:31:13] [%emt 00:00:20]} 40... Qf3+ {[%clk
00:31:33] [%emt 00:00:23]} 41. Kh2 {[%clk 00:31:29] [%emt 00:00:14]} 41... Qe2+
{[%clk 00:31:25] [%emt 00:00:38]} 42. Kh1 {[%clk 00:31:38] [%emt 00:00:21]}
42... Qd1+ {[%clk 00:31:11] [%emt 00:00:43]} 43. Kg2 {[%clk 00:31:14] [%emt
00:00:53]} 43... Qd8 {[%clk 00:28:28] [%emt 00:03:14]} 44. Bf6 {[%clk 00:29:16]
[%emt 00:02:27]} 44... Qd2+ {[%clk 00:28:49] [%emt 00:00:09]} 45. Kf3 {[%clk
00:28:10] [%emt 00:01:36]} 45... Qd1+ {[%clk 00:27:46] [%emt 00:01:32]} 46. Kf2
{[%clk 00:28:04] [%emt 00:00:36]} 46... Qd2+ {[%clk 00:27:06] [%emt 00:01:11]}
47. Kf1 {[%clk 00:27:35] [%emt 00:00:58]} 47... Qc1+ {[%clk 00:27:04] [%emt
00:00:32]} 48. Ke2 {[%clk 00:26:16] [%emt 00:01:49]} 48... Qc2+ {[%clk
00:26:00] [%emt 00:01:35]} 49. Kf3 {[%clk 00:25:56] [%emt 00:00:49]} 49... Qd1+
{[%clk 00:26:26] [%emt 00:00:05]} 50. Kf2 {[%clk 00:26:19] [%emt 00:00:07]}
1/2-1/2

[Event "New Zealand Championship 2023"]
[Site "Wellington"]
[Date "2023.01.06"]
[Round "5.16"]
[White "McDougall, Euan"]
[Black "Wang, Aaron Ziwen"]
[Result "1-0"]
[WhiteElo "1995"]
[BlackElo "1945"]

1. d4 Nf6 2. c4 g6 3. Nc3 Bg7 4. e4 d6 5. Be3 O-O 6. h3 e5 7. d5 a5 8. a3 a4 9.
Bd3 Bd7 10. Nge2 Qe8 11. Nb5 Bxb5 12. cxb5 Nfd7 13. Rc1 b6 14. Nc3 Nc5 15. Bxc5
dxc5 16. Nxa4 f5 17. Nc3 fxe4 18. Bxe4 Ra7 19. O-O Nd7 20. Qe2 Nf6 21. Rfe1
Nxe4 22. Qxe4 Qf7 23. Re2 Raa8 24. a4 Qf4 25. Rcc2 Qxe4 26. Rxe4 Rf4 27. Rce2
h6 28. b3 Rd8 29. f3 h5 30. Kf2 Rxe4 31. Rxe4 Bh6 32. Ke2 Bf4 33. Kd3 Kf7 34.
Kc4 Kf6 35. Re2 h4 36. Ne4+ Ke7 37. Ra2 Ra8 38. Ra1 g5 39. Rd1 Rd8 40. a5 bxa5
41. Nxc5 Be3 42. Re1 Bxc5 43. Rxe5+ Kf6 44. Re6+ Kf5 45. Kxc5 Kf4 46. Re4+ Kf5
47. Kc6 Rd6+ 48. Kxc7 Rxd5 49. b6 Rc5+ 50. Kd6 Rc3 51. Re5+ Kf6 52. Rb5 Rxb3
53. Rxb3 1-0

[Event "New Zealand Championship 2023"]
[Site "Wellington"]
[Date "2023.01.06"]
[Round "5.17"]
[White "Xing, Zerui"]
[Black "Young, Cohen"]
[Result "0-1"]
[WhiteElo "1596"]
[BlackElo "1994"]

1. d4 Nf6 2. c4 e6 3. Nc3 Bb4 4. Bd2 b6 5. Nf3 Bb7 6. e3 O-O 7. Rc1 d6 8. Bd3
Nbd7 9. O-O e5 10. Bf5 Re8 11. a3 Bxc3 12. Bxc3 Qe7 13. d5 b5 14. e4 bxc4 15.
Re1 Nc5 16. Re3 g6 17. Bh3 Ncxe4 18. Nd2 Nxd2 19. Bxd2 Nxd5 20. Rg3 Nf4 21.
Bxf4 exf4 22. Rgc3 d5 23. f3 Qe2 24. Qd4 Qe5 25. Qc5 Ba6 26. Qc6 d4 27. Rxc4
Bxc4 28. Qxc4 Qe3+ 29. Kf1 d3 30. Qb4 Qxc1+ 31. Kf2 d2 32. Qxf4 Qe1# 0-1

[Event "New Zealand Championship 2023"]
[Site "Wellington"]
[Date "2023.01.06"]
[Round "5.18"]
[White "Masters, Andrew D"]
[Black "Ha, Timothy Huy Minh"]
[Result "1/2-1/2"]
[WhiteElo "1946"]
[BlackElo "1812"]

1. d4 d5 2. c4 e6 3. Nc3 Nf6 4. cxd5 exd5 5. Bg5 c6 6. e3 Be7 7. Qc2 h6 8. Bh4
Ne4 9. Nxe4 Bxh4 10. Nc3 Be7 11. Bd3 a5 12. Nf3 Nd7 13. O-O O-O 14. Na4 Bd6 15.
Nc5 Nxc5 16. dxc5 Bc7 17. Nd4 Be5 18. f4 Bxd4 19. exd4 1/2-1/2